| 000 | 00621nam a2200229 a 4500 | ||
|---|---|---|---|
| 001 | BRCA_7248 | ||
| 005 | 20190320205752.0 | ||
| 008 | 250112s1930----gw-a######---#000-0#ger-# | ||
| 041 | _ager | ||
| 044 | _agw | ||
| 050 | 4 |
_aNC1509 .Z5 _b.Z554 |
|
| 100 | 1 |
_aZille, Heinrich _d1858-1929. _912389 |
|
| 245 | 1 | 0 |
_aRings um den Alexanderplatz _cHeinrich Zille. |
| 260 |
_aDresden, Alemania _bC. Reissner _c[1930] |
||
| 300 |
_a[172]p. _bil. _c26 cm. |
||
| 500 | _aP157 | ||
| 650 | 1 | 4 |
_aDibujantes alemanes _910287 |
| 650 | 1 | 4 |
_aDibujos alemanes _913610 |
| 650 | 1 | 4 |
_aHumorismo alemán _96123 |
| 902 | _aGFM | ||
| 942 |
_2lcc _cB |
||
| 999 |
_c6929 _d6929 |
||